International encyclopaedia of Education (part B- 2) (Record no. 1863)

MARC details
000 -LEADER
fixed length control field 00521cam a2200193ua 4500
001 - CONTROL NUMBER
control field 1992
005 - DATE AND TIME OF LATEST TRANSACTION
control field 20260515113430.0
008 - FIXED-LENGTH DATA ELEMENTS--GENERAL INFORMATION
fixed length control field 110811n ii |||gr||||Z||||||eng
040 ## - CATALOGING SOURCE
Transcribing agency MAIN
082 ## - DEWEY DECIMAL CLASSIFICATION NUMBER
Classification number 370.03
100 ## - MAIN ENTRY--PERSONAL NAME
Personal name Monroe, Paul,
Relator term Author.
245 1# - TITLE STATEMENT
Title International encyclopaedia of Education (part B- 2)
Statement of responsibility, etc. by Paul Monroe
250 ## - EDITION STATEMENT
Edition statement 1st.
260 ## - PUBLICATION, DISTRIBUTION, ETC.
Place of publication, distribution, etc. New Delhi:
Name of publisher, distributor, etc. Cosmo Publication,990.
300 ## - PHYSICAL DESCRIPTION
Extent 726p:
Dimensions 23cm.
653 ## - INDEX TERM--UNCONTROLLED
Uncontrolled term Education
653 ## - INDEX TERM--UNCONTROLLED
Uncontrolled term International encyclopaedia of Education
942 ## - ADDED ENTRY ELEMENTS (KOHA)
Koha item type Books
Holdings
Withdrawn status Lost status Damaged status Not for loan Home library Current library Shelving location Date acquired Total checkouts Full call number Barcode Date last seen Copy number Price effective from Koha item type
        Naharkatiya College Library Naharkatiya College Library General stacks 09/19/2020   370.03 | MON 11272 09/19/2020 1 09/19/2020 Books